000
00324nam a2200109Ia 4500
008
160531s9999 xx 000 0 und d
100
_a
Povilitis, Tony.
245
_a
Topics in Conservation Biology
245
_c
by Tony Povilitis
260
_c
2012
856
_u
http://www.intechopen.com/books/topics-in-conservation-biology
999
_c
295107
_d
295107